000 01377nam a2200253 i 4500
001 73356
003 ES-MaACL
005 20250814065126.0
007 t|
008 041001m19541955sp ||||1| spa d
245 0 3 _aLa tierra y la economía mundial :
_btratado general de geografía económica /
_cpublicado bajo la dirección del Dr. Rudolf Lütgens.
260 _aBarcelona :
_bOmega,
_c1954-1955 (
_fAgustín Núñez)
300 _a4 v. ;
_c25 cm.
505 8 _aContiene: I. Los fundamentos geográficos y los problemas de la vida económica / Rudolf Lütgens ; traducción por Claudio Matons Rossi (V, 312 p., 1 lám. pleg.) - II. Los espacios productivos de la economía mundial / Rudolf Lütgens ; traducción por Manuel Scholz (VII, 302 p.) - III. Geografía general agraria e industrial / Erich Otremba ; traducción por Federico Armenter y Manuel Scholz ( XII, 420 p.) - V. El hombre economizante como estructurador de la tierra / Edwin Fels ; traducción por Manuel Scholz (VII, 310 p., 11 lám.)
650 1 7 _aGeografía económica
_2embne
_913077
700 1 _aLuetgens, Rudolf.
_974644
700 1 _aMatons Rossi, Claudio.
_979092
700 1 _aScholz, Manuel.
_9104641
700 1 _aOtremba, Erich.
_987936
700 1 _aArmenter de Monasterio, Federico.
_922956
700 1 _aFels, Edwin.
_949230
852 _aES-MaACL
_jP-682
999 _c73356
_d73356